|
|
|
|
| LEADER |
05479nam a22003973i 4500 |
| 001 |
EBC30685982 |
| 003 |
MiAaPQ |
| 005 |
20231204023231.0 |
| 006 |
m o d | |
| 007 |
cr cnu|||||||| |
| 008 |
231204s2005 xx o ||||0 ger d |
| 020 |
|
|
|a 9783631755112
|q (electronic bk.)
|
| 020 |
|
|
|z 9783631543757
|
| 035 |
|
|
|a (MiAaPQ)EBC30685982
|
| 035 |
|
|
|a (Au-PeEL)EBL30685982
|
| 035 |
|
|
|a (OCoLC)1397571120
|
| 040 |
|
|
|a MiAaPQ
|b eng
|e rda
|e pn
|c MiAaPQ
|d MiAaPQ
|
| 100 |
1 |
|
|a Freiwald, Stephanie.
|
| 245 |
1 |
0 |
|a Supply Chain Design :
|b Robuste Planung Mit Differenzierter Auswahl der Zulieferer.
|
| 250 |
|
|
|a 1st ed.
|
| 264 |
|
1 |
|a Frankfurt a.M. :
|b Peter Lang GmbH, Internationaler Verlag der Wissenschaften,
|c 2005.
|
| 264 |
|
4 |
|c ©2005.
|
| 300 |
|
|
|a 1 online resource (274 pages)
|
| 336 |
|
|
|a text
|b txt
|2 rdacontent
|
| 337 |
|
|
|a computer
|b c
|2 rdamedia
|
| 338 |
|
|
|a online resource
|b cr
|2 rdacarrier
|
| 490 |
1 |
|
|a Bochumer Beitraege Zur Unternehmensfuehrung Series ;
|v v.72
|
| 505 |
0 |
|
|a Cover -- Abbildungsverzeichnis -- Tabellenverzeichnis -- Abkürzungs- und Symbolverzeichnis -- 1 Einleitung -- 2 Supply Chain Design als Basis des Supply Chain Management -- 2.1 Grundlagen des Supply Chain Management -- 2.1.1 Der Begriff des Supply Chain Management -- 2.1.2 Ziele und Aufgaben des Supply Chain Management -- 2.2 Supply Chain Design als strategisches Supply Chain Management -- 2.2.1 Der Begriff des Supply Chain Design -- 2.2.2 Ziele und Aufgaben des Supply Chain Design -- 2.3 Zusammenarbeit im Rahmen des Supply Chain Design -- 2.3.1 Collaborative Planning -- 2.3.2 Supplier und Customer Relationship Management -- 3 Quantitative Planungsunterstützung im Supply Chain Design -- 3.1 Grundlagen quantitativer Planungsunterstützung -- 3.1.1 Mathematische Modelle zur Planungsunterstützung -- 3.1.2 Charakteristika mathematischer Modelle zum Supply Chain Design -- 3.2 Supply Chain Design unter Sicherheit -- 3.2.1 Supply Chain Design mit deterministischen Modellen -- 3.2.2 Analyse und Bewertung der vorgestellten Modelle -- 3.3 Supply Chain Design unter Unsicherheit -- 3.3.1 Supply Chain Design mit stochastischen Modellen -- 3.3.2 Analyse und Bewertung der vorgestellten Modelle -- 3.4 Entwicklung eines umfassenden Modells zum Supply Chain Design -- 3.4.1 Modellierung der Grundstruktur -- 3.4.2 Anwendungsspezifische Detaillierungen und Erweiterungen -- 3.4.3 Besonderheiten mehrperiodiger Modelle -- 4 Die Berücksichtigung der Zulieferer im Supply Chain Design -- 4.1 Die Bedeutung der Beschaffung im Supply Chain Management -- 4.2 Verfahren zur Auswahl von Zulieferern -- 4.2.1 Nutzwertanalyse und Multi-Attributive Nutzentheorie -- 4.2.2 Mathematische Optimierungsansätze -- 4.2.3 Analytic Hierarchy Process -- 4.2.4 Data Envelopment Analysis -- 4.2.5 Analyse und Bewertung der vorgestellten Verfahren -- 4.3 Kriterien zur Auswahl von Zulieferern.
|
| 505 |
8 |
|
|a 4.3.1 Analyse der in der Literatur verwendeten Auswahlkriterien -- 4.3.2 Entwicklung beschaffungssituationsspezifischer Auswahlkriterien -- 4.4 Supply Chain Design mit fundierter Zuliefererauswahl -- 4.4.1 Beitrag der Kriterien zur quantitativen Zuliefererauswahl -- 4.4.2 Erweiterung der Modelle zum Supply Chain Design -- 5 Robuste Planungsunterstützung im Supply Chain Design -- 5.1 Quantitative Planungsunterstützung bei Unsicherheit -- 5.2 Stochastische Modelle zur Planung bei Unsicherheit -- 5.2.1 Darstellung verschiedener Modellierungsansätze -- 5.2.2 Besonderheiten szenariobasierter Ansätze -- 5.3 Robuste Planungsunterstützung -- 5.3.1 Der Begriff der Robustheit -- 5.3.2 Robustheit in mathematischen Modellen -- 5.4 Planungsunterstützung bei Mehrfachzielsetzung -- 5.4.1 Mehrfachzielsetzung in mathematischen Modellen -- 5.4.2 Erweiterung des Robustheitskonzeptes um die Zielrobustheit -- 5.5 Robustheit im Supply Chain Design -- 5.5.1 Robustheit im Supply Chain Design bei einem Ziel -- 5.5.2 Robustheit im Supply Chain Design bei Mehrfachzielsetzung -- 6 Anwendung zur Konfiguration einer robusten Supply Chain -- 6.1 Darstellung der Problemstruktur -- 6.1.1 Ausgangssituation -- 6.1.2 Unsicherheit -- 6.2 Robustheit im Supply Chain Design -- 6.2.1 Verwendete Ersatzmodelle -- 6.2.2 Analyse der szenariooptimalen Ergebnisse -- 6.2.3 Bestimmung einer robusten Supply Chain -- 6.3 Robustheit im Supply Chain Design mit erweiterter Zuliefererauswahl -- 6.3.1 Erweiterte Ausgangsituation und verwendete Ersatzmodelle -- 6.3.2 Analyse der Ergebnisse bei gegebenem Anspruchsniveau -- 6.3.3 Analyse der Ergebnisse bei gleicher relativer Abweichung -- 6.3.4 Analyse der Ergebnisse bei Gewichtung der Ziele -- 6.3.5 Analyse ausgewählter Ergebnisse bei a posteriori bekannten Präferenzen -- 6.4 Kritische Würdigung -- 7 Zusammenfassung und Ausblick -- Literaturverzeichnis.
|
| 588 |
|
|
|a Description based on publisher supplied metadata and other sources.
|
| 590 |
|
|
|a Electronic reproduction. Ann Arbor, Michigan : ProQuest Ebook Central, 2023. Available via World Wide Web. Access may be limited to ProQuest Ebook Central affiliated libraries.
|
| 655 |
|
4 |
|a Electronic books.
|
| 776 |
0 |
8 |
|i Print version:
|a Freiwald, Stephanie
|t Supply Chain Design
|d Frankfurt a.M. : Peter Lang GmbH, Internationaler Verlag der Wissenschaften,c2005
|z 9783631543757
|
| 797 |
2 |
|
|a ProQuest (Firm)
|
| 830 |
|
0 |
|a Bochumer Beitraege Zur Unternehmensfuehrung Series
|
| 856 |
4 |
0 |
|u https://ebookcentral.proquest.com/lib/matrademy/detail.action?docID=30685982
|z Click to View
|